|
|
|
|
| LEADER |
00000nam a22000007a 4500 |
| 005 |
2017030800300.0 |
| 007 |
cr|||| |||| |
| 008 |
170308s2016 es |||||s|||| 00||0 spa d |
| 020 |
|
|
|a 978-84-9148-023-5
|
| 035 |
|
|
|a 14802
|
| 040 |
|
|
|a vLex
|
| 090 |
|
|
|c 6585
|d 6585
|
| 100 |
1 |
|
|a ℓlamo Cerrillo, Raquel
|
| 245 |
1 |
2 |
|a La economa̕ digital y el comercio electrn̤ico su incidencia en el sistema tributario
|h [Recurso electrn̤ico] /
|c Raquel ℓlamo Cerrillo
|
| 256 |
|
|
|a Servicio en ln̕ea
|
| 260 |
|
|
|a Madrid:
|b Dykinson,
|c 2016
|
| 300 |
|
|
|a 1 recurso electrn̤ico
|
| 500 |
|
|
|a En la adaptacin̤ de los sistemas tributarios actuales a la nueva realidad comercial, y en especial al IVA, parece razonable pensar que es necesario que se establezca una mayor cooperacin̤ entre los Estados, llevando a cabo un intercambio de informacin̤ ms̀ efectivo. Esto permitira̕ la realizacin̤ de auditora̕s conjuntas, de forma que las prc̀ticas fraudulentas sera̕n ms̀ difc̕iles de poner en marcha, lo que repercutira̕ de forma positiva sobre la recaudacin̤ fiscal. Por ello, desde la UE se propone la creacin̤ de una Oficina Europea contra el Fraude - European Public Prosecutorþs Office -. Si bien, para la efectividad de la misma, sera̕ necesario que la cooperacin̤ entre Estados no se limitara al m̀bito de la UE, sino que es establecieran nexos de cooperacin̤ con pas̕es terceros.
|
| 506 |
1 |
|
|a Disponible solo en los productos indicados
|d vLex Global
|d vLex Global (Academic Edition, excluding Law Schools)
|d vLex Global (U.S. Academic Edition, Law Schools)
|d vLex Global (U.S. Academic Edition, excluding Law Schools)
|d vLex Global (Academic Edition, Law Schools)
|
| 650 |
0 |
4 |
|a Derecho Fiscal
|z Espaą
|
| 650 |
0 |
4 |
|a Financiero
|z Espaą
|
| 740 |
0 |
|
|a vLex Libros (Servicio en ln̕ea)
|
| 856 |
4 |
0 |
|u http://vlex.com/source/economia-digital-y-el-comercio-electronico-su-incidencia-en-el-sistema-tributario-14802
|z Acceso restringido
|
| 942 |
|
|
|c BOOK
|
| 999 |
0 |
|
|a Tax Law
|
| 999 |
0 |
|
|a Financial
|